000 01242nam a22003737a 4500
003 CHAP
005 20220817044057.0
008 060310d it rn 00110 eng d
010 _a91667
011 _a92639
020 _a9251053278
035 _a103204
040 _cCHAP
082 0 4 _a574.5
_bF35y v.8
110 2 _aFAO
245 1 0 _aLand cover classification system :
_bclassification concepts and user manual software version 2
_c/rev. by Antonio Di Gregorio
260 _aRome :
_bFAO,
_c2005.
300 _a190 p. :
_b1 disco compacto 4 3/4 plgs.
410 2 0 _aFAO
490 0 _aEnvironment and natural resources series
_v; 8
590 _aBATCH-UPD
_b10
_c20130110
_lUCH01
_h1643
590 _aBATCH-UPD
_b10
_c20130410
_lUCH01
_h1034
590 _aBATCH-UPD
_b10
_c20130914
_lUCH01
_h1346
590 _aCONVERSION
_b10
_c20130109
_lUCH01
_h1351
650 1 4 _aProcesamiento automático de datos en suelos.
650 1 4 _aTierras
_xClasificación.
_9113095
700 1 _aDi Gregorio, Antonio
_erev.
_932377
810 0 _aFAO
830 0 0 _aEnvironment and natural resources series
_v; 8
_937175
901 _aBK
905 _aLilia
942 _cLIBRO
949 _a574.5 F35y v.8
_bBC
_cFAO
_d33724000968020
_eFAO1
_h107690
_i103204
_sb
999 _c91667
_d91667